[Event "Kolomna rapid op"]
[Site "Kolomna"]
[Date "2018.02.17"]
[Round "8"]
[White "Danin, Alexandre"]
[Black "Kryakvin, Dmitry"]
[Result "0-1"]
[WhiteElo "2540"]
[BlackElo "2567"]
[PlyCount "68"]
[EventDate "2018.02.16"]
[EventType "swiss (rapid)"]
[EventRounds "11"]
[EventCountry "RUS"]
[SourceTitle "CBM 183 Extra"]
[Source "ChessBase"]
[SourceDate "2018.04.19"]
[SourceVersion "1"]
[SourceVersionDate "2018.04.19"]
[SourceQuality "1"]

1. e4 c5 2. Nf3 d6 3. d4 cxd4 4. Nxd4 Nf6 5. Nc3 Nc6 6. Bc4 e6 7. Be3 Be7 8. Bb3 0-0 9. 0-0 Bd7 10. f4 Nxd4 11. Bxd4 Bc6 12. Qe2 b5 13. Nxb5 Bxb5 14. Qxb5 Nxe4 15. f5 e5 16. Be3 Bg5 17. Bxg5 Qxg5 18. Qe2 Nf6 19. Rad1 Rad8 20. Bd5 Rfe8 21. Bc6 Re7 22. c4 e4 23. b4 h5 24. a4 Ng4 25. Rd4 Ne5 26. f6 Nf3+ 27. Rxf3 exf3 28. Qxf3 Qc1+ 29. Rd1 Re1+ 30. Rxe1 Qxe1+ 31. Qf1 Qxb4 32. Bd5 Re8 33. Kf2 Qb2+ 34. Kg3 Qxf6 0-1

[Event "Kolomna rapid op"]
[Site "Kolomna"]
[Date "2018.02.17"]
[Round "7"]
[White "Murzin, Volodar"]
[Black "Danin, Alexandre"]
[Result "0-1"]
[WhiteElo "2282"]
[BlackElo "2540"]
[PlyCount "102"]
[EventDate "2018.02.16"]
[EventType "swiss (rapid)"]
[EventRounds "11"]
[EventCountry "RUS"]
[SourceTitle "CBM 183 Extra"]
[Source "ChessBase"]
[SourceDate "2018.04.19"]
[SourceVersion "1"]
[SourceVersionDate "2018.04.19"]
[SourceQuality "1"]

1. e4 c5 2. Nf3 Nc6 3. Bb5 e6 4. 0-0 Nge7 5. d4 cxd4 6. Nxd4 a6 7. Nxc6 Nxc6 8. Be2 b5 9. Be3 Be7 10. a4 b4 11. Nd2 Na5 12. Bd3 Bb7 13. Qg4 0-0 14. e5 Re8 15. Ne4 Bxe4 16. Qxe4 g6 17. Rad1 Qc7 18. Bf4 Nb7 19. Be2 Nc5 20. Qxb4 Nd3 21. Qe4 Nxf4 22. Qxf4 Qxc2 23. Rd2 Qc7 24. Rfd1 Ra7 25. h3 Rd8 26. b4 f6 27. Qe4 Qxe5 28. Qxe5 fxe5 29. b5 axb5 30. Bxb5 d5 31. Re2 e4 32. Rc2 Kf7 33. Rc6 Rd6 34. Rc8 Bd8 35. Rdc1 Kf6 36. Kf1 Ke5 37. Ke2 Rf7 38. R1c6 Rxc6 39. Rxc6 Ba5 40. Ba6 Rc7 41. Rxc7 Bxc7 42. Bb7 Bb6 43. f3 Kf4 44. fxe4 Kxe4 45. Bc8 e5 46. Bb7 Kd4 47. Ba8 e4 48. Bb7 Ke5 49. Ba6 Ba5 50. Bb5 d4 51. Ba6 d3+ 0-1

[Event "Kolomna rapid op"]
[Site "Kolomna"]
[Date "2018.02.16"]
[Round "6"]
[White "Danin, Alexandre"]
[Black "Savchenko, Boris"]
[Result "0-1"]
[WhiteElo "2540"]
[BlackElo "2550"]
[PlyCount "74"]
[EventDate "2018.02.16"]
[EventType "swiss (rapid)"]
[EventRounds "11"]
[EventCountry "RUS"]
[SourceTitle "CBM 183 Extra"]
[Source "ChessBase"]
[SourceDate "2018.04.19"]
[SourceVersion "1"]
[SourceVersionDate "2018.04.19"]
[SourceQuality "1"]

1. e4 e6 2. d4 d5 3. exd5 exd5 4. Nf3 Bd6 5. c4 Nf6 6. Nc3 0-0 7. cxd5 Nbd7 8. Be2 h6 9. 0-0 Nb6 10. Ne5 Nbxd5 11. Bd3 c6 12. Re1 Be6 13. a3 Re8 14. Bd2 Bf8 15. Qf3 g6 16. Rad1 Bg7 17. h3 Rc8 18. Na4 Rc7 19. Nc5 Bc8 20. Bc4 Rce7 21. Bb3 Kh7 22. Ba2 Qc7 23. b4 b6 24. Ncd3 Bb7 25. Nf4 Nxf4 26. Qxf4 Nd5 27. Qf3 f6 28. Ng4 h5 29. Ne3 Nf4 30. Bc4 f5 31. Bc1 Re4 32. Bb2 c5 33. bxc5 Rxe3 34. Qxe3 Rxe3 35. Rxe3 bxc5 36. Rde1 cxd4 37. Re7 Qxc4 0-1

[Event "AUT-chT 1718"]
[Site "Austria"]
[Date "2017.11.18"]
[Round "3.5"]
[White "Postny, Evgeny"]
[Black "Danin, Alexandre"]
[Result "1-0"]
[WhiteElo "2575"]
[BlackElo "2554"]
[PlyCount "69"]
[EventDate "2017.11.16"]
[EventType "team-tourn"]
[EventRounds "11"]
[EventCountry "AUT"]
[SourceTitle "CBM 181 Extra"]
[Source "ChessBase"]
[SourceDate "2017.12.12"]
[SourceVersion "1"]
[SourceVersionDate "2017.12.12"]
[SourceQuality "1"]
[WhiteTeam "Salzburg Royal"]
[BlackTeam "Raika Feffernitz"]
[WhiteTeamCountry "AUT"]
[BlackTeamCountry "AUT"]

1. d4 d5 2. c4 c6 3. Nf3 Nf6 4. Nc3 dxc4 5. a4 e6 6. e3 c5 7. Bxc4 Nc6 8. 0-0 cxd4 9. exd4 Be7 10. Qe2 0-0 11. Rd1 Nd5 12. Bd2 Ncb4 13. a5 Bd7 14. Nxd5 Nxd5 15. Ne5 Bc6 16. a6 Nf6 17. b4 Rb8 18. b5 Bd5 19. axb7 Rxb7 20. Nc6 Qd7 21. Rdc1 Bd6 22. Bd3 h6 23. Ne5 Qe7 24. Ra6 Ra8 25. Rca1 Rb6 26. R6a4 Rb7 27. h3 Rc8 28. Ra6 Rbc7 29. Bf4 Rd8 30. Bg3 Rdc8 31. Qe3 Rd8 32. Bh4 Rdc8 33. Bxf6 gxf6 34. Qxh6 f5 35. Ng4 1-0

[Event "Berlin Lichtenrade op 13th"]
[Site "Berlin"]
[Date "2017.10.31"]
[Round "4"]
[White "Danin, Alexandre"]
[Black "Rahls, Peter"]
[Result "1-0"]
[WhiteElo "2554"]
[BlackElo "2156"]
[PlyCount "69"]
[EventDate "2017.10.28"]
[EventType "swiss"]
[EventRounds "9"]
[EventCountry "GER"]
[SourceTitle "CBM 181 Extra"]
[Source "ChessBase"]
[SourceDate "2017.12.12"]
[SourceVersion "1"]
[SourceVersionDate "2017.12.12"]
[SourceQuality "1"]

1. Nf3 d5 2. g3 c5 3. Bg2 Nc6 4. d4 Bg4 5. Ne5 Nxe5 6. dxe5 e6 7. c4 d4 8. Bxb7 Rb8 9. Qa4+ Ke7 10. Bg2 Qb6 11. Nd2 f6 12. f4 Nh6 13. Nf3 Bh5 14. 0-0 Nf5 15. Qa3 Kf7 16. Re1 Be7 17. b3 Rbd8 18. Bd2 Rd7 19. Qa4 Qc7 20. Bh3 Ne3 21. Bxe3 dxe3 22. g4 Bxg4 23. Bxg4 f5 24. Bh3 g5 25. fxg5 Rg8 26. Rad1 Rd2 27. Bg2 Bxg5 28. Kh1 Bf4 29. Nxd2 exd2 30. Rf1 Qxe5 31. Qd7+ Kf6 32. Rxf4 Qxf4 33. Qxd2 Qf2 34. Qc3+ e5 35. Qh3 1-0

[Event "Berlin Lichtenrade op 13th"]
[Site "Berlin"]
[Date "2017.10.30"]
[Round "3"]
[White "Stigar, Petter"]
[Black "Danin, Alexandre"]
[Result "1/2-1/2"]
[WhiteElo "2211"]
[BlackElo "2554"]
[PlyCount "108"]
[EventDate "2017.10.28"]
[EventType "swiss"]
[EventRounds "9"]
[EventCountry "GER"]
[SourceTitle "CBM 181 Extra"]
[Source "ChessBase"]
[SourceDate "2017.12.12"]
[SourceVersion "1"]
[SourceVersionDate "2017.12.12"]
[SourceQuality "1"]

1. d4 Nf6 2. c4 g6 3. Nc3 d5 4. Bf4 Bg7 5. e3 0-0 6. Rc1 Be6 7. Qb3 c5 8. Qxb7 Qb6 9. Qxb6 axb6 10. Nf3 dxc4 11. dxc5 bxc5 12. Ng5 Nd5 13. Nxe6 Bxc3+ 14. bxc3 fxe6 15. Bxc4 Nd7 16. Rc2 N7b6 17. Bxd5 Nxd5 18. Be5 Ra4 19. Ke2 Nb6 20. Rd1 Kf7 21. f3 Rfa8 22. Ra1 Nc4 23. Bg3 Ke8 24. e4 Kd7 25. Kd3 Kc6 26. Bh4 R8a7 27. h3 Rb7 28. Bg5 Na3 29. Rd2 Nc4 30. Rc2 e5 31. Bc1 e6 32. Ke2 Rb8 33. Kd3 Rb6 34. Ke2 Rb7 35. Kd3 Na5 36. Be3 Nc4 37. Bc1 Rd7+ 38. Ke2 Rd8 39. Rb1 Rda8 40. Kd3 Nd6 41. Ra1 Nb5 42. Bg5 R8a7 43. Bf6 Na3 44. Rb2 Nc4 45. Rc2 h6 46. Bh4 Rb7 47. Bg3 Rba7 48. Ke2 Rd7 49. Bf2 Rda7 50. Bg3 Rb7 51. Kd3 Rba7 52. Ke2 Rd7 53. Bf2 Rda7 54. Bg3 Rd7 1/2-1/2

[Event "Dresden ZMD op"]
[Site "Dresden"]
[Date "2017.08.04"]
[Round "7"]
[White "Danin, Alexandre"]
[Black "Onischuk, Vladimir"]
[Result "1/2-1/2"]
[WhiteElo "2559"]
[BlackElo "2610"]
[PlyCount "73"]
[EventDate "2017.07.29"]
[EventType "swiss"]
[EventRounds "9"]
[EventCountry "GER"]
[SourceTitle "CBM 179 Extra"]
[Source "ChessBase"]
[SourceDate "2017.08.23"]
[SourceVersion "1"]
[SourceVersionDate "2017.08.23"]
[SourceQuality "1"]

1. e4 d6 2. d4 g6 3. Nc3 Bg7 4. Nge2 Nc6 5. h3 e5 6. Be3 Nf6 7. g3 d5 8. Bg2 Nxe4 9. dxe5 Nxc3 10. Nxc3 0-0 11. Qxd5 Bxe5 12. 0-0-0 Qf6 13. Qc5 Bxc3 14. bxc3 Be6 15. a3 Rfe8 16. Rhe1 Qe7 17. Qxe7 Rxe7 18. Bg5 Ree8 19. Bf6 Bf5 20. g4 Rxe1 21. Rxe1 Be6 22. Bxc6 bxc6 23. Re5 Kf8 24. f4 a6 25. Kd2 Rb8 26. Rc5 Bd7 27. Ra5 Bc8 28. Ra4 Rb5 29. c4 Rb8 30. Ke3 c5 31. Ra5 Rb6 32. Bc3 Re6+ 33. Kd3 Rd6+ 34. Ke3 Re6+ 35. Kd3 Rd6+ 36. Ke3 Re6+ 37. Kd3 1/2-1/2

[Event "Dresden ZMD op"]
[Site "Dresden"]
[Date "2017.07.29"]
[Round "1"]
[White "Bleecke, Sebastian"]
[Black "Danin, Alexandre"]
[Result "0-1"]
[WhiteElo "1928"]
[BlackElo "2559"]
[PlyCount "92"]
[EventDate "2017.07.29"]
[EventType "swiss"]
[EventRounds "9"]
[EventCountry "GER"]
[SourceTitle "CBM 179 Extra"]
[Source "ChessBase"]
[SourceDate "2017.08.23"]
[SourceVersion "1"]
[SourceVersionDate "2017.08.23"]
[SourceQuality "1"]

1. d4 Nf6 2. c4 g6 3. Nc3 d5 4. cxd5 Nxd5 5. e4 Nxc3 6. bxc3 Bg7 7. Nf3 c5 8. Be3 Qa5 9. Qd2 0-0 10. Rc1 Rd8 11. d5 e6 12. Bg5 f6 13. Be3 Nc6 14. Be2 b6 15. 0-0 Ba6 16. Rfd1 Qa4 17. Bxa6 Qxa6 18. Qc2 Na5 19. c4 e5 20. Re1 Nb7 21. Nd2 Nd6 22. f4 exf4 23. Bxf4 Nf7 24. Nf3 Re8 25. Rcd1 Rad8 26. Rd3 Re7 27. Rde3 Rde8 28. R3e2 Qb7 29. a4 Qd7 30. h3 Bh6 31. Bxh6 Nxh6 32. e5 fxe5 33. Rxe5 Nf7 34. Rxe7 Rxe7 35. Rxe7 Qxe7 36. Kf2 Nd6 37. Qd3 Qf6 38. Qe2 Kf8 39. g4 Qf4 40. Qe5 Qxe5 41. Nxe5 Ke7 42. g5 Ne4+ 43. Ke3 Nxg5 44. h4 Nf7 45. Nc6+ Kd7 46. Nxa7 Ne5 0-1

[Event "EU-ch 18th"]
[Site "Minsk"]
[Date "2017.06.10"]
[Round "11"]
[White "Danin, Alexandre"]
[Black "Grachev, Boris V"]
[Result "0-1"]
[WhiteElo "2543"]
[BlackElo "2658"]
[PlyCount "136"]
[EventDate "2017.05.30"]
[EventType "swiss"]
[EventRounds "11"]
[EventCountry "BLR"]
[SourceTitle "CBM 179"]
[Source "ChessBase"]
[SourceDate "2017.07.12"]
[SourceVersion "1"]
[SourceVersionDate "2017.07.12"]
[SourceQuality "1"]

1. e4 c5 2. Nf3 Nc6 3. d4 cxd4 4. Nxd4 Qb6 5. Nb3 Nf6 6. Nc3 e6 7. Qe2 Bb4 8. Bd2 0-0 9. a3 Be7 10. f4 d5 11. e5 Nd7 12. Be3 Qc7 13. Nb5 Qd8 14. Qh5 a6 15. N5d4 Nxd4 16. Bxd4 b6 17. Bd3 g6 18. Qe2 Nc5 19. Nd2 f5 20. exf6 Bxf6 21. Be5 Bxe5 22. Qxe5 Nxd3+ 23. cxd3 Rf5 24. Qe3 d4 25. Qe4 Ra7 26. 0-0 Re7 27. Qa8 Rc7 28. Nc4 b5 29. Ne5 Rf8 30. Rae1 Rc2 31. Qe4 Qb6 32. Nf3 Bb7 33. Qe5 Rf5 34. Qxe6+ Qxe6 35. Rxe6 Rxb2 36. Rb6 Rf7 37. Rf2 Rb1+ 38. Rf1 Rb2 39. Rf2 Rb3 40. Ne5 Re7 41. h4 Rxa3 42. h5 gxh5 43. f5 Bc8 44. Nc6 Rb7 45. Rxb7 Bxb7 46. Nd8 Bd5 47. f6 Rxd3 48. f7+ Kf8 49. Rf5 Bc4 50. Rg5 Rd1+ 51. Kh2 Rf1 52. Rg8+ Ke7 53. Re8+ Kd7 54. f8Q Rxf8 55. Rxf8 d3 56. Nb7 Kc7 57. Kg3 Kxb7 58. Kf2 a5 59. Ke3 a4 60. Rh8 a3 61. Rxh7+ Kb6 62. Rxh5 a2 63. Rh1 Kc5 64. g4 Kb4 65. g5 Kc3 66. g6 d2 67. Rd1 b4 68. g7 b3 0-1